000 00637nam a2200157Ia 4500
008 090711s9999 xx 000 0 und d
082 _b69332
100 _aजायस्वाल जयनारायण
245 _aसर्दी सायनस दमा ब्रॉकाईटीस
300 _a86
600 _aजायस्वाल जयनारायण
630 _aसर्दी सायनस दमा ब्रॉकाईटीस
700 _aजायस्वाल जयनारायण
730 _aसर्दी सायनस दमा ब्रॉकाईटीस
942 _cBOOK
999 _c312049
_d312049